00980 2200313 4500001002100000005001500021035002000036007000300056008004100059020002200100082001500122084001700137100003100154245010900185250003600294300004500330650002100375700002700396264003800423336002100461337003000482338002300512040002200535090002200557850001200579999002200591504003100613990002200644INLIS00000000088313520231114011840 a0010-1123000214ta231114s2022 yoi g | ind d a978-623-5440-97-204223a808.06 a808.06 AHM a0 aAhmad MuhajirinePengarang10aAsyiknya menulis teks deskripsi dengan media gambar fotografi /cAhmad Muhajirin; penyunting, Ahmad Kori aCetakan Pertama, September 2022 avi, 94 halaman :btabel, gambar ;c20 cm 4aTeknik penulisan0 aAhmad KoriePenyunting31aSleman :bPustaka Egaliter,c2022 2rdacontentateks 2rdamediaatanpa perantara 2rdacarrieravolume aYOPDYOGbinderda aCB-D.11 2022-4447 aYOPDYOG aCB-D.11/2022-4447 aBibliografi: halaman 91-92 aCB-D.11/2022-4447